Pattanam : (Record no. 169578)

MARC details
000 -LEADER
fixed length control field 00658nam a22001937a 4500
005 - DATE AND TIME OF LATEST TRANSACTION
control field 20191125155911.0
010 ## - LCCN (DPL NO)
LC control number ENG-127009
020 ## - INTERNATIONAL STANDARD BOOK NUMBER
International Standard Book Number 9788193337905
Terms of availability 250.00
035 ## - SYSTEM CONTROL NUMBER
System control number EN-110541
037 ## - SOURCE OF ACQUISITION
Source of stock number/acquisition DBAD/PUB
082 ## - DEWEY DECIMAL CLASSIFICATION NUMBER
Classification number 954.83
100 ## - MAIN ENTRY--PERSONAL NAME
Personal name Harishankar, B.S.
245 ## - TITLE STATEMENT
Title Pattanam :
Statement of responsibility, etc by B.S. Harishankar
Remainder of title constructs, contexts and interventions /
260 ## - PUBLICATION, DISTRIBUTION, ETC. (IMPRINT)
Place of publication, distribution, etc Thiruvananthapuram
Date of publication, distribution, etc 2017
Name of publisher, distributor, etc Bharatheeya Vichara Kendram
270 ## - ADDRESS
Address samskrithi, bhavan, statue,
City Thiruvananthapuram
Postal code 695001
Telephone number 0471 2461567
Electronic mail address vicharakendram@gmail.com
300 ## - PHYSICAL DESCRIPTION
Extent 124p.
Dimensions 23cm(pbk)
500 ## - GENERAL NOTE
General note includes references
942 ## - ADDED ENTRY ELEMENTS (KOHA)
Source of classification or shelving scheme Dewey Decimal Classification
Item type English Books
Classification part 954.83
Call number suffix HAR
Holdings
Withdrawn status Lost status Not for loan Collection code Home library Current library Date acquired Source of acquisition Cost, normal purchase price Full call number Barcode Copy number Cost, replacement price Koha item type
    Not For Loan Non-fiction D.B.Act.Division Central Library 25/11/2019 DBAD/PUB 250.00 954.83 HAR EN-110541 1 250.00 English Books

© Delhi Public Library
Hit Counter
free hit counter